Responses for show #4111 - Monday, June 17, 2002

(Leonard Maltin: Hi, I'm Leonard Maltin, and I give this next show four stars.)

Contestants

[<< previous game]

Jim Baer, a project coordinator from Mount Laurel, New Jersey

Shelley Hagan, a planning analyst from Baraboo, Wisconsin

Brian O'Riordan, an audio/visual manager from San Diego, California (whose 1-day cash winnings total $18,000)

[next game >>]

Jeopardy! Round responses

NAME THAT PRESIDENT
ANIMAL CRACKERS
SUE GRAFTON'S ALPHABET MYSTERIES
NOT NO. 1
MALTIN ON THE MOVIES
IN THE "CAN"
    $200 11
Abraham Lincoln

Jim
    $200 6
P.T. Barnum

Jim
    $200 26
Alibi

Shelley
    $200 12
first runner-up

Jim
    $200 1
Snow White and the Seven Dwarfs

Jim
    $200 13
Cancer

Jim
    $400 20
Nixon

Brian
    $400 7
100 years

Shelley
    $400 27
Deadbeat

Brian
    $400 18
substitute teachers

Shelley
    $400 2
The Jerk

Jim
    $400 14
cannon

Jim
    $600 21
Truman

Brian
    $600 8
(Shelley: What is an [*]?)
(Alex: Be more specific.)

Christmas tree ornament

Shelley
    $600 28
Innocent

Jim
    $600 19
flip side

Jim
    $600 3
Citizen Kane

Jim
    $600 15
Canucks

Jim
    $800 22
Hoover

Brian
    $800 9
bears

Jim
    $800 29
(Brian: What is malfeasance?)

Malice

BrianJim
    $800 24
place

Brian
    $800 4
The African Queen

Jim
    $800 16
Canberra

Shelley
    $1000 23
Calvin Coolidge

Jim
    $1000 10
Animal crackers in my soup

Brian
    $1000 30
Judgment

Jim
    $2,000 25
(Brian: What is second billing?)

understudy

Brian
    $1000 5
Psycho

Shelley
    $1000 17
(Brian: What is a Canada duck?)

canvasback

BrianShelley

Scores at the first commercial break (after clue 15):

Brian Shelley Jim
$1,000 $2,000 $4,600

Scores at the end of the Jeopardy! Round:

Brian Shelley Jim
$200 $4,400 $8,600

Double Jeopardy! Round responses

SPACED OUT
CONSONANTS
ON THE INTERSTATE
SPORTS NUMBERS
COVERING BARON GROUND
NICE "AB"S!
    $400 7
red

Jim
    $400 2
G

Jim
    $400 16
Missouri

Shelley
    $400 1
72

Jim
    $400 26
Lord Byron

Triple Stumper
    $400 13
abracadabra

Shelley
    $800 9
the Moon

Jim
    $800 8
Q

Brian
    $800 19
I-65

Shelley
    $800 3
(Shelley: What is 7?)

5

ShelleyJim
    $800 27
Francis Bacon

Shelley
    $800 14
abyss

Jim
    $1200 23
Tang

Brian
    $1200 10
b.

Triple Stumper
    $3,000 20
(Shelley: What is California?)

Texas

Shelley
    $1200 4
400

Brian
    $2,000 28
economics

Shelley
    $1200 15
aborigine

Brian
    $1600 24
Kennedy Space Center

Brian
    $1600 11
(Alex: Shelley, your Canadian relatives would say what is zed, but here we'll say what is [*].)

Z

Triple Stumper
    $1600 21
Seattle

Triple Stumper
    $1600 5
6th Man

Jim
    $1600 29
East India Company

Triple Stumper
    $1600 17
Abu Dhabi

Brian
    $2000 25
(Jim: Who is Copernicus?)

Tycho Brahe

ShelleyJim
    $2000 12
P

Triple Stumper
    $2000 22
I-95

Brian
    $2000 6
8

Brian
    $2000 30
Reuters

Brian
    $2000 18
ablution

Shelley

Scores at the end of the Double Jeopardy! Round:

Brian Shelley Jim
$13,800 $9,000 $11,800

[wagering suggestions for these scores]

Final Jeopardy! Round responses

LANGUAGES
(Shelley: It was going to be Chinese, but I ran out of time.)
ShelleyWhat are Hmong and C
$8,000
JimWhat are Chinese & Japanese?
$2,001
BrianWhat Vietnamese, French
$12,000
(2 of) Chinese, Vietnamese, Tagalog & Korean

Final scores:

Brian Shelley Jim
$1,800 $1,000 $9,799
2nd place: $2,000 3rd place: $1,000 New champion: $9,799

Game dynamics:

Coryat scores:

Brian Shelley Jim
$15,800 $11,200 $11,800
15 R,
3 W
(including 1 DD)
14 R
(including 1 DD),
2 W
(including 1 DD)
23 R,
1 W

Combined Coryat: $38,800

The J! Archive is created by fans, for fans. The Jeopardy! game show and all elements thereof, including but not limited to copyright and trademark thereto, are the property of Jeopardy Productions, Inc. and are protected under law. This website is not affiliated with, sponsored by, or operated by Jeopardy Productions, Inc. Join the discussion at JBoard.tv.